| 000 | 00483nam a2200217Ia 4500 | ||
|---|---|---|---|
| 003 | 0100 | ||
| 008 | 130303s9999 xx 000 0 und d | ||
| 020 | _a0195075900 | ||
| 040 | _cARRUPELIB | ||
| 050 | _aB1854.D53 1993 | ||
| 100 | _aDicker, Georges | ||
| 245 | _aDescartes | ||
| 245 | _bAn analytical and historical introduction | ||
| 260 | _aNY | ||
| 260 | _bOxford UP | ||
| 260 | _C1993 | ||
| 300 | _a248p. | ||
| 300 | _b 22CM | ||
| 650 | _aPHILOSOPHY | ||
| 942 | 0 | 0 | _05 |
| 999 |
_c18963 _d18963 |
||